etide sur l'occurence de noeud de racine nematode (meloidogyne spp.) sur leriz et legume au district saang dans la province kandal ( ការសិក្សាពីវត្តមានកំពកឬសណេម៉ាតូត (meloidogyne spp.) លើដំណាំស្រូវ និង​ បន្លែក្នុងស្រុកស្អាង ខេត្តកណ្តាល) (Record no. 1455)

000 -LEADER
fixed length control field 00761nam a22001577a 4500
003 - CONTROL NUMBER IDENTIFIER
control field OSt
005 - DATE AND TIME OF LATEST TRANSACTION
control field 20150929095505.0
008 - FIXED-LENGTH DATA ELEMENTS--GENERAL INFORMATION
fixed length control field 150929b xxu||||| |||| 00| 0 eng d
040 ## - CATALOGING SOURCE
Transcribing agency RUA
082 ## - DEWEY DECIMAL CLASSIFICATION NUMBER
Classification number AGR CHA 2010 B064 Or.1
100 ## - MAIN ENTRY--PERSONAL NAME
9 (RLIN) 1547
Personal name KONG, CHANDAVY.
245 ## - TITLE STATEMENT
Title etide sur l'occurence de noeud de racine nematode (meloidogyne spp.) sur leriz et legume au district saang dans la province kandal ( ការសិក្សាពីវត្តមានកំពកឬសណេម៉ាតូត (meloidogyne spp.) លើដំណាំស្រូវ និង​ បន្លែក្នុងស្រុកស្អាង ខេត្តកណ្តាល)
260 ## - PUBLICATION, DISTRIBUTION, ETC. (IMPRINT)
Place of publication, distribution, etc. Phnom Penh
Name of publisher, distributor, etc. RUA
Date of publication, distribution, etc. 2010
300 ## - PHYSICAL DESCRIPTION
Extent vii, 40p.
Other physical details ill.
Dimensions 29cm.
942 ## - ADDED ENTRY ELEMENTS (KOHA)
Source of classification or shelving scheme
Koha item type AGR
Holdings
Price effective from Date last seen Permanent Location Not for loan Date acquired Source of classification or shelving scheme Koha item type Lost status Withdrawn status Date last checked out Total Checkouts Shelving location Damaged status Barcode Current Location Full call number
2015-09-292015-09-29Library Block B 2015-09-29 AGR    B064 RUA001769Library Block BAGR CHA 2010 B064 Or.1
2015-09-292015-09-29Library Block B 2015-09-29 AGR    B064 RUA001697Library Block BAGR CHA 2010 B064 Or.2
2015-09-292015-09-29Library Block B 2015-09-29 AGR    B064 RUA001984Library Block BAGR CHA 2010 B064 Or.3
2015-09-292023-04-06Library Block B 2015-09-29 AGR  2023-03-221B064 RUA001906Library Block BAGR CHA 2010 B064 Or.4
2015-09-292015-09-29Library Block B 2015-09-29 AGR    B064 RUA001978Library Block BAGR CHA 2010 B064 Or.5
2015-09-292015-09-29Library Block B 2015-09-29 AGR    B064 RUA001626Library Block BAGR CHA 2010 B064 Or.6
2015-09-292015-09-29Library Block B 2015-09-29 AGR    B064 RUA017807Library Block BAGR CHA 2010 B064 Or.7
2015-09-292015-09-29Library Block B 2015-09-29 AGR    B064 RUA017879Library Block BAGR CHA 2010 B064 Or.8
2015-09-292015-09-29Library Block B 2015-09-29 AGR    B064 RUA017951Library Block BAGR CHA 2010 B064 Or.9
2015-09-292015-09-29Library Block B 2015-09-29 AGR    B064 RUA017600Library Block BAGR CHA 2010 B064 Or.10
មជ្ឈមណ្ឌលឯការនៃសាកលវិទ្យាល័យភូមិន្ទកសិកម្មចំការដូង

Powered by Koha